US States by Number of Cities With 100k people - Statistics

General Stats
  • This quiz has been taken 14 times
  • The average score is 24 of 50
Answer Stats
Hint Explanation Answer % Correct
South Dakota 1 1 to 3
86%
Wyoming - None
79%
Alaska 1 1 to 3
71%
Hawaii 1 1 to 3
71%
Mississippi 1 1 to 3
71%
Rhode Island 1 1 to 3
71%
Missouri 5 4 to 6
71%
Oregon 5 4 to 6
71%
Maine - None
71%
Idaho 1 1 to 3
64%
New Mexico 2 1 to 3
64%
Connecticut 5 4 to 6
64%
Utah 4 4 to 6
64%
Arkansas 1 1 to 3
57%
Maryland 1 1 to 3
57%
Nebraska 2 1 to 3
57%
Alabama 5 4 to 6
57%
California 74 51+
57%
Michigan 7 7 to 10
57%
Virginia 7 7 to 10
57%
Vermont - None
57%
Kentucky 2 1 to 3
50%
Montana 1 1 to 3
50%
North Dakota 1 1 to 3
50%
Indiana 4 4 to 6
50%
Nevada 5 4 to 6
50%
Oklahoma 4 4 to 6
50%
Wisconsin 4 4 to 6
50%
Delaware - None
50%
West Virginia - None
50%
Iowa 3 1 to 3
43%
South Carolina 3 1 to 3
43%
Kansas 5 4 to 6
43%
Louisiana 4 4 to 6
43%
New Hampshire 1 1 to 3
36%
Massachusetts 5 4 to 6
36%
Tennessee 6 4 to 6
36%
Georgia 7 7 to 10
36%
North Carolina 9 7 to 10
36%
Minnesota 3 1 to 3
29%
Texas 40 26 to 50
29%
Ohio 6 4 to 6
29%
Arizona 10 7 to 10
29%
New Jersey 7 7 to 10
29%
Florida 22 11 to 25
21%
Colorado 12 11 to 25
14%
Pennsylvania 3 1 to 3
14%
Illinois 8 7 to 10
14%
Washington 8 7 to 10
14%
New York 5 4 to 6
0%
No matching quizzes found
Score Distribution
Percent of People with Each Score
Percentile by Number Answered
Your Score History
You have not taken this quiz